Felices y con perdices: obras teatrales para niños /

Guardado en:
Autor Principal: González, Leandro Marcos
Formato: Libro
Publicado: Bahía Blanca : Ediuns, 2017
Series:Extensión. Creación Literaria
Materias:
Etiquetas: Agregar Etiqueta
Sin Etiquetas, Sea el primero en etiquetar este registro!
LEADER 00869nam a22002655a 4500
001 CEM.cems014915
005 20180522144719.0
008 130507s2017##################000#0#####d
003 CEMS
020 |a 9789876551496 
082 0 4 |a A862.4 
100 1 |a González, Leandro Marcos 
245 1 0 |a Felices y con perdices: obras teatrales para niños /  |c Leandro Marcos González 
260 |a Bahía Blanca :  |b Ediuns,  |c 2017 
300 |a 126 p. 
490 0 |a Extensión. Creación Literaria 
505 0 |a El mejor sueño de todos los tiempos -- Ñam Ñam -- En cantadas -- Felices y con perdices 
653 |a Literatura 
653 |a Literatura argentina 
653 |a Literatura infantil 
653 |a Literatura bahiense 
653 |a Teatro 
653 |a Teatro bahiense 
653 |a Teatro infantil 
859 |a CEMS  |b BIB. CEMS - 11 de abril  |h A862.4  |i G589-1  |p 27539.18  |t Ej.1